000 00750nam a2200193 a 4500
001 000005322
005 20200929151637.0
008 090819s2002 sp a 001 0 eng d
020 _a8400081102
040 _aDO-SdBNP
_bspa
_cBNPHU
082 _axxxx
_bP963m
245 0 0 _aProcessing of and microstructure-property relations insofc components and ceramic gas-separation membranes /
_ceditor J. R. Jurado, collaborators ; E. Chinarro, M. T. Colomer, G. Mather, S. Gallini.
260 _aMadrid, España :
_bConsejo Superior de Investigaciones Científicas,
_c2002.
300 _a207 p. :
_bil. ;
_c24 cm.
490 1 _aBiblioteca de ciencias
_v6
500 _aIncluye tabla de contenido
830 0 _aBiblioteca de ciencias
_n6
_915101
049 _aBNPD
999 _c5123
_d5123